[Event "XXIX Miedzynarodowy Festiwal Szachowy CRACOVIA-2018 Grupa B"]
[Site "Krakow, Hotel Galaxy, ul. Gesia 22a"]
[Date "2018.12.27"]
[Round "1.30"]
[White "Brylski, Pawel"]
[Black "Butyrowski, Marcel"]
[Result "1-0"]
[WhiteElo "1975"]
[BlackElo "1802"]
[PlyCount "125"]
[EventDate "2018.??.??"]

1. e4 c5 2. a3 g6 3. c3 Bg7 4. Nf3 Nc6 5. d4 cxd4 6. cxd4 d6 7. Nc3 Nf6 8. h3
O-O 9. Be3 a6 10. Qd2 Re8 11. Bc4 b5 12. Ba2 e6 13. Bh6 Bh8 14. O-O d5 15. exd5
Nxd5 16. Nxd5 exd5 17. Rfe1 Be6 18. Ne5 Rc8 19. Nxc6 Rxc6 20. Rac1 Rxc1 21.
Rxc1 Qh4 22. Be3 Bf6 23. Rc6 Ra8 24. Rd6 Qe4 25. Qd1 Be7 26. Bb1 Qh4 27. Rc6 a5
28. Qc1 b4 29. Rxe6 fxe6 30. Qc6 Rd8 31. Qxe6+ Kh8 32. axb4 axb4 33. Ba2 Qe4
34. Qf7 Rf8 35. Qxd5 Qxd5 36. Bxd5 Bf6 37. Bb3 Rd8 38. d5 Be5 39. Kf1 Kg7 40.
Ke2 Kf6 41. h4 Kf5 42. Bg5 Rc8 43. g4+ Kxg4 44. d6 Kf5 45. d7 Rb8 46. d8=Q Rxd8
47. Bxd8 Bxb2 48. Bg5 Bg7 49. Bd2 Bf8 50. f3 h6 51. Bc2+ Kf6 52. Kd3 Ke5 53.
Kc4 Be7 54. Bxh6 Bxh4 55. Bxg6 Be1 56. Bf8 Kf4 57. Be4 Bc3 58. Bxb4 Be5 59.
Bd2+ Kg3 60. Kd5 Bc7 61. Be3 Bb8 62. Ke6 Bc7 63. Bc5 1-0

[Event "XXIX Miedzynarodowy Festiwal Szachowy CRACOVIA-2018 Grupa B"]
[Site "Krakow, Hotel Galaxy, ul. Gesia 22a"]
[Date "2018.12.27"]
[Round "1.31"]
[White "Lobunets, Vladimir"]
[Black "Landl, Margot"]
[Result "1/2-1/2"]
[WhiteElo "1801"]
[BlackElo "1975"]
[PlyCount "118"]
[EventDate "2018.??.??"]

1. d4 f5 2. Nc3 Nf6 3. Bg5 d5 4. e3 e6 5. Nf3 Be7 6. Be2 O-O 7. O-O Nbd7 8. h3
c6 9. Bf4 Nh5 10. Bh2 Nhf6 11. Rb1 Ne4 12. Nd2 Nxc3 13. bxc3 Qa5 14. c4 Qxa2
15. Nb3 dxc4 16. Bxc4 Nb6 17. Bd3 Nd5 18. Qc1 Qa3 19. Qxa3 Bxa3 20. Na5 Bb4 21.
Nxb7 Bxb7 22. c3 a5 23. cxb4 Nxb4 24. Bc4 Rfe8 25. Bd6 Ba6 26. Rfc1 Nd5 27. Ba2
Bb5 28. g4 g6 29. Kg2 Kf7 30. Kf3 Rad8 31. Bc5 a4 32. gxf5 gxf5 33. Rb2 Rg8 34.
Bb1 Nf6 35. Ra2 Nd5 36. Ra3 Ra8 37. Bc2 Ra6 38. Rca1 Rga8 39. Bd1 Nf6 40. Bc2
Nd7 41. Bb4 Nb6 42. e4 fxe4+ 43. Bxe4 h6 44. Rc3 Nd5 45. Bxd5 exd5 46. Re3 R6a7
47. Ba3 Rb7 48. Rc1 Bc4 49. Rce1 Rb3 50. Kf4 Ra7 51. Bc5 Rab7 52. h4 Rxe3 53.
Rxe3 Kf6 54. Ra3 Bb3 55. Ra1 h5 56. Re1 Rg7 57. Re5 Rg4+ 58. Ke3 Kg6 59. Be7
Bc2 1/2-1/2

[Event "XXIX Miedzynarodowy Festiwal Szachowy CRACOVIA-2018 Grupa B"]
[Site "Krakow, Hotel Galaxy, ul. Gesia 22a"]
[Date "2018.12.27"]
[Round "1.32"]
[White "Niedbala, Bartlomiej"]
[Black "Dryja, Szymon"]
[Result "0-1"]
[WhiteElo "1973"]
[BlackElo "1795"]
[PlyCount "96"]
[EventDate "2018.??.??"]

1. e4 {[%emt 0:00:00]} c5 {[%emt 0:00:00]} 2. Nf3 Nc6 3. d4 cxd4 4. Nxd4 Qb6 5.
Nb3 Nf6 6. Nc3 e6 7. Bd3 Be7 8. Be3 Qc7 9. f4 d6 10. Qf3 a6 11. g4 b5 12. g5
Nd7 13. O-O-O Bb7 14. Kb1 Nc5 15. h4 Na4 16. Bd2 O-O 17. h5 Nxc3+ 18. Bxc3 b4
19. h6 g6 20. Bg7 Rfc8 21. Rhf1 a5 22. f5 exf5 23. exf5 Ne5 24. fxg6 fxg6 25.
Qf4 Bf8 26. Bxe5 dxe5 27. Qf6 Qe7 28. Rde1 a4 29. Nd2 Qxf6 30. Rxf6 Be7 31. Rb6
Bxg5 32. Rxb7 Bxd2 33. Rxe5 Re8 34. Bc4+ Kh8 35. Ra7 Bxh6 36. Rxe8+ Rxe8 37. a3
bxa3 38. bxa3 Rb8+ 39. Ka2 Bg7 40. Bb5 Rxb5 41. Ra8+ Bf8 42. Rxf8+ Kg7 43. Ra8
h5 44. Rxa4 g5 45. Ra7+ Kf6 46. a4 Rc5 47. Kb3 g4 48. a5 g3 0-1

[Event "XXIX Miedzynarodowy Festiwal Szachowy CRACOVIA-2018 Grupa B"]
[Site "Krakow, Hotel Galaxy, ul. Gesia 22a"]
[Date "2018.12.27"]
[Round "1.33"]
[White "Kalosha, Zhiulien Oleksii"]
[Black "Kosturkiewicz, Jacek"]
[Result "1/2-1/2"]
[WhiteElo "1795"]
[BlackElo "1972"]
[PlyCount "79"]
[EventDate "2018.??.??"]

1. e4 c5 2. Nf3 d6 3. d4 cxd4 4. Nxd4 Nf6 5. Nc3 g6 6. Be3 Bg7 7. f3 O-O 8. Bc4
Nc6 9. Bb3 Qa5 10. O-O Bd7 11. Kh1 Rac8 12. Nxc6 bxc6 13. Qd2 Rfd8 14. h3 c5
15. Qe2 Nh5 16. Kh2 Bxc3 17. bxc3 Qxc3 18. Bd2 Qd4 19. c3 Qg7 20. f4 Be6 21.
Bxe6 fxe6 22. Qg4 Qf7 23. f5 Nf6 24. Qh4 Kh8 25. Rf3 Rg8 26. fxe6 Qxe6 27. Bg5
Qe5+ 28. Kg1 Nxe4 29. Bxe7 Rce8 30. Bf6+ Nxf6 31. Rxf6 Ref8 32. Raf1 Rxf6 33.
Rxf6 Qe3+ 34. Kh1 Re8 35. Rxd6 Qe1+ 36. Qxe1 Rxe1+ 37. Kh2 Re3 38. Ra6 Rxc3 39.
Rxa7 h5 40. Rc7 1/2-1/2

[Event "XXIX Miedzynarodowy Festiwal Szachowy CRACOVIA-2018 Grupa B"]
[Site "Krakow, Hotel Galaxy, ul. Gesia 22a"]
[Date "2018.12.27"]
[Round "1.34"]
[White "Zianowicz, Dominik"]
[Black "Raclawicki, Kacper"]
[Result "1-0"]
[WhiteElo "1969"]
[BlackElo "1794"]
[PlyCount "67"]
[EventDate "2018.??.??"]

1. d4 d5 2. Nf3 Nf6 3. c4 c6 4. Nc3 a6 5. cxd5 cxd5 6. Bf4 Nc6 7. e3 g6 8. h3
Bg7 9. Bd3 O-O 10. Rc1 Bd7 11. O-O b5 12. Ne5 Rc8 13. Qf3 Nb4 14. Bb1 Bf5 15.
Bxf5 gxf5 16. a3 Nc6 17. Nxc6 Rxc6 18. Nxd5 Qxd5 19. Rxc6 Ne4 20. Rc2 e5 21.
Rc5 Qe6 22. Bxe5 Nxc5 23. Bxg7 Kxg7 24. dxc5 Qb3 25. Qg3+ Kh8 26. Qd6 Re8 27.
Qf6+ Kg8 28. Rc1 Re6 29. Qd8+ Kg7 30. Qd4+ Kg6 31. c6 Re4 32. Qd6+ f6 33. c7
Rxe3 34. c8=Q 1-0

[Event "XXIX Miedzynarodowy Festiwal Szachowy CRACOVIA-2018 Grupa B"]
[Site "Krakow, Hotel Galaxy, ul. Gesia 22a"]
[Date "2018.12.27"]
[Round "1.35"]
[White "Vasilenko, Ekaterina"]
[Black "Szwaj, Jacek"]
[Result "1/2-1/2"]
[WhiteElo "1791"]
[BlackElo "1968"]
[PlyCount "113"]
[EventDate "2018.??.??"]

1. e4 c5 2. Nf3 d6 3. Bb5+ Bd7 4. Qe2 Nc6 5. e5 e6 6. c3 Qb6 7. Na3 dxe5 8. Nc4
Qc7 9. Nfxe5 Nxe5 10. Nxe5 Nf6 11. f4 Bd6 12. Nxd7 Nxd7 13. f5 O-O-O 14. fxe6
fxe6 15. d3 Bxh2 16. Bxd7+ Rxd7 17. Be3 Bg3+ 18. Bf2 Rf8 19. O-O Bxf2+ 20. Rxf2
Rxf2 21. Qxf2 Rxd3 22. Re1 Qd6 23. Qe2 Kd7 24. Qe4 Qd5 25. Qxh7 Rg3 26. Qc2 Kc7
27. Qf2 Rd3 28. Qf7+ Qd7 29. Qxe6 Qxe6 30. Rxe6 Rd2 31. Re7+ Kb6 32. Rxg7 Rxb2
33. a4 Rb3 34. Kf2 Rxc3 35. g4 Rc4 36. a5+ Ka6 37. Kf3 Rb4 38. Rc7 Kxa5 39.
Rxc5+ Kb6 40. Re5 Kc6 41. g5 Kd6 42. Re3 Rb1 43. Kf4 Rf1+ 44. Kg4 Rg1+ 45. Kf5
a5 46. Kf6 b5 47. Re8 a4 48. Rb8 Kc5 49. g6 a3 50. Ra8 Kb4 51. g7 Kb3 52. g8=Q+
Rxg8 53. Rxg8 b4 54. Ke5 a2 55. Ra8 Kb2 56. Kd4 b3 57. Kc4 1/2-1/2

[Event "XXIX Miedzynarodowy Festiwal Szachowy CRACOVIA-2018 Grupa B"]
[Site "Krakow, Hotel Galaxy, ul. Gesia 22a"]
[Date "2018.12.27"]
[Round "1.36"]
[White "Slabek, Grzegorz"]
[Black "Goraj, Barbara"]
[Result "0-1"]
[WhiteElo "1967"]
[BlackElo "1786"]
[PlyCount "104"]
[EventDate "2018.??.??"]

1. Nf3 Nf6 2. e3 d5 3. Be2 e6 4. O-O Bd6 5. d4 O-O 6. c4 b6 7. cxd5 exd5 8. Nc3
a6 9. Ne5 Bb7 10. f4 Nbd7 11. Bd2 Ne4 12. Nxe4 dxe4 13. Bc4 c5 14. Qh5 Qe7 15.
a4 cxd4 16. exd4 Nf6 17. Qf5 Bc8 18. Qg5 Be6 19. Rac1 Rac8 20. b3 Ba3 21. f5
Bxc4 22. Rxc4 b5 23. axb5 axb5 24. Rxc8 Rxc8 25. Be1 Bc1 26. Bd2 Bb2 27. Be3
Qb4 28. Ng4 Bxd4 29. Nxf6+ Bxf6 30. Qf4 Re8 31. Rb1 Qc3 32. Qf2 Qd3 33. Qe1 Bc3
34. Qc1 b4 35. Kf2 Bd4 36. Bxd4 Qxd4+ 37. Qe3 Qe5 38. Rc1 Qxf5+ 39. Kg1 Rd8 40.
Re1 Re8 41. Qd4 h6 42. Qxb4 e3 43. Rf1 Qe6 44. Re1 e2 45. g3 Qe3+ 46. Kg2 Re6
47. Qb8+ Re8 48. Qb5 Re5 49. Qb8+ Kh7 50. Qc7 Rf5 51. Qc2 Qf3+ 52. Kh3 g6 0-1

[Event "XXIX Miedzynarodowy Festiwal Szachowy CRACOVIA-2018 Grupa B"]
[Site "Krakow, Hotel Galaxy, ul. Gesia 22a"]
[Date "2018.12.27"]
[Round "1.37"]
[White "Duda, Lucas"]
[Black "Alothman, Abdul Wahab"]
[Result "1-0"]
[WhiteElo "1784"]
[BlackElo "1965"]
[PlyCount "83"]
[EventDate "2018.??.??"]

1. e4 e6 2. d4 d5 3. Nc3 dxe4 4. Nxe4 Nf6 5. Nxf6+ Qxf6 6. Nf3 h6 7. Bd3 Bd6 8.
O-O O-O 9. Qe2 Qe7 10. b3 Nd7 11. c4 c5 12. Bb2 cxd4 13. Bxd4 e5 14. Rfe1 Re8
15. Bc3 a5 16. Qe4 Nf6 17. Qh4 Nd7 18. Qe4 Nf6 19. Qh4 Nd7 20. Qxe7 Rxe7 21.
Rad1 f6 22. Be4 Bb4 23. Bxb4 axb4 24. Re2 g5 25. h4 Kg7 26. h5 Nf8 27. Rd8 Ne6
28. Rd6 Nf4 29. Red2 Ra6 30. Rd8 Bg4 31. Rb8 Bxh5 32. Rxb7 Ra7 33. Rxb4 Red7
34. Rxd7+ Rxd7 35. Rb7 Ne2+ 36. Kf1 Rxb7 37. Bxb7 Nc3 38. c5 Kf8 39. c6 Nd5 40.
a4 Ke7 41. a5 Kd6 42. a6 1-0

[Event "XXIX Miedzynarodowy Festiwal Szachowy CRACOVIA-2018 Grupa B"]
[Site "Krakow, Hotel Galaxy, ul. Gesia 22a"]
[Date "2018.12.27"]
[Round "1.38"]
[White "Jablonska, Sabina"]
[Black "Radzicki, Wieslaw"]
[Result "1-0"]
[WhiteElo "1964"]
[BlackElo "1781"]
[PlyCount "91"]
[EventDate "2018.??.??"]

1. d4 d5 2. Bf4 Bf5 3. c4 e6 4. Nc3 Nf6 5. Qb3 Bd6 6. Bxd6 cxd6 7. cxd5 Nbd7 8.
e3 O-O 9. Nf3 exd5 10. Nxd5 Nxd5 11. Qxd5 Be6 12. Qb5 a6 13. Qb4 Nf6 14. Bd3
Bd5 15. Be2 a5 16. Qa4 Qb6 17. Qb5 Qd8 18. O-O Ra6 19. Qa4 Rb6 20. Qc2 Rc6 21.
Qd1 Qb6 22. b3 Rfc8 23. Nd2 Ne4 24. Nc4 Qc7 25. Bd3 b5 26. Nd2 Nxd2 27. Qxd2
Be6 28. Bxb5 Rc2 29. Qd1 Qc3 30. Qf3 d5 31. h3 g6 32. Rfb1 Qb4 33. Bd3 Rd2 34.
Rd1 Rb2 35. e4 dxe4 36. Bxe4 f5 37. Bd5 Qd6 38. Bxe6+ Qxe6 39. d5 Qd6 40. Rac1
Rxc1 41. Rxc1 Rxa2 42. Qe3 Kg7 43. Qd4+ Kh6 44. Qe3+ f4 45. Qd4 Re2 46. Rd1 1-0

[Event "XXIX Miedzynarodowy Festiwal Szachowy CRACOVIA-2018 Grupa B"]
[Site "Krakow, Hotel Galaxy, ul. Gesia 22a"]
[Date "2018.12.27"]
[Round "1.39"]
[White "Leczek, Weronika"]
[Black "Konyves, Almos"]
[Result "1-0"]
[WhiteElo "1771"]
[BlackElo "1963"]
[PlyCount "95"]
[EventDate "2018.??.??"]

1. e4 e5 2. Nf3 Nc6 3. c3 Nf6 4. d3 Be7 5. Be2 d5 6. Nbd2 O-O 7. Qc2 h6 8. Nf1
Be6 9. Ng3 Nd7 10. O-O Bh4 11. Be3 Bxg3 12. hxg3 Qe7 13. Rfe1 f5 14. exf5 Rxf5
15. d4 e4 16. Nd2 Nd8 17. c4 c6 18. c5 Nf8 19. b4 Bd7 20. a4 Nfe6 21. Reb1 Rf8
22. b5 Qf6 23. Qc3 Qg6 24. a5 cxb5 25. Bxb5 Bxb5 26. Rxb5 Nc7 27. Rb2 a6 28.
Rb6 Qf7 29. Nb1 Nb5 30. Qd2 Nc6 31. Na3 Nca7 32. Nxb5 Nxb5 33. Bf4 Rac8 34. Be5
Rc6 35. Rc1 Na3 36. Bd6 Rfc8 37. Qf4 Qxf4 38. Bxf4 Rxb6 39. axb6 Rc6 40. Ra1
Nc4 41. Rxa6 g5 42. Ra8+ Kf7 43. Bc7 e3 44. fxe3 Nxe3 45. Kf2 Nc2 46. Be5 Re6
47. Ra7 Re7 48. Bd6 1-0

[Event "XXIX Miedzynarodowy Festiwal Szachowy CRACOVIA-2018 Grupa B"]
[Site "Krakow, Hotel Galaxy, ul. Gesia 22a"]
[Date "2018.12.27"]
[Round "1.40"]
[White "Smal, Tobiasz"]
[Black "Jedynak, January"]
[Result "1-0"]
[WhiteElo "1958"]
[BlackElo "1759"]
[PlyCount "51"]
[EventDate "2018.??.??"]

1. c4 e6 2. Nc3 d5 3. d4 c6 4. Nf3 Nf6 5. Bg5 h6 6. Bh4 dxc4 7. e3 b5 8. a4 g5
9. Bg3 b4 10. Nb1 c3 11. bxc3 bxc3 12. Bd3 Qa5 13. O-O Nd5 14. Ne5 h5 15. Qf3
f5 16. e4 Nb4 17. exf5 Nxd3 18. Qxd3 Ba6 19. Qc2 Bxf1 20. fxe6 Rg8 21. Qh7 Rg7
22. Qxh5+ Kd8 23. Qf3 Bd6 24. Nxc6+ Nxc6 25. Bxd6 Rg8 26. Qxc6 1-0

[Event "XXIX Miedzynarodowy Festiwal Szachowy CRACOVIA-2018 Grupa B"]
[Site "Krakow, Hotel Galaxy, ul. Gesia 22a"]
[Date "2018.12.27"]
[Round "1.41"]
[White "Dziewonski, Dariusz"]
[Black "Jankowiak, Piotr"]
[Result "1/2-1/2"]
[WhiteElo "1757"]
[BlackElo "1952"]
[PlyCount "60"]
[EventDate "2018.??.??"]

1. e4 e5 2. Nf3 Nc6 3. Bb5 a6 4. Bxc6 dxc6 5. O-O f6 6. d4 exd4 7. Nxd4 c5 8.
Ne2 Qxd1 9. Rxd1 Bd7 10. Nbc3 O-O-O 11. Bf4 Ne7 12. Nd5 Nxd5 13. Rxd5 Be7 14.
Rad1 Be6 15. Rxd8+ Rxd8 16. Rxd8+ Kxd8 17. b3 b5 18. f3 a5 19. Bd2 a4 20. Kf2
Kd7 21. Nf4 axb3 22. axb3 Bf7 23. Nd5 Bd6 24. g3 c6 25. Ne3 Kc7 26. Ke2 Kb6 27.
c4 Be5 28. Kd3 Kc7 29. f4 Bb2 30. Nf5 g6 1/2-1/2

[Event "XXIX Miedzynarodowy Festiwal Szachowy CRACOVIA-2018 Grupa B"]
[Site "Krakow, Hotel Galaxy, ul. Gesia 22a"]
[Date "2018.12.27"]
[Round "1.43"]
[White "Kruczynski, Marek"]
[Black "Rysaev, Danial"]
[Result "0-1"]
[WhiteElo "1744"]
[BlackElo "1945"]
[PlyCount "88"]
[EventDate "2018.??.??"]

1. e4 e6 2. d4 d5 3. Bd3 c5 4. dxc5 Bxc5 5. Nd2 Nc6 6. c3 Nf6 7. Qe2 O-O 8. e5
Nd7 9. Ngf3 f6 10. exf6 Qxf6 11. Nb3 e5 12. Bg5 Qf7 13. Bc2 e4 14. Nfd4 Bb6 15.
Be3 Nce5 16. h3 Nc4 17. O-O-O Nde5 18. Rhf1 Qe7 19. Kb1 Ng6 20. Nd2 Nd6 21. Bb3
Qe5 22. Nc2 Be6 23. Bd4 Bxd4 24. Nxd4 Nf4 25. Qe3 Nxg2 26. Qg3 Qxg3 27. fxg3
Bf7 28. Rc1 Ne3 29. Rfe1 Nec4 30. Nf1 Bg6 31. Ka1 Rf2 32. Ne2 Raf8 33. Nf4 Bf7
34. Ne3 Nxe3 35. Rxe3 Nf5 36. Re2 Rxe2 37. Nxe2 g5 38. Re1 Kg7 39. g4 Nh4 40.
Nd4 Bg8 41. a4 Nf3 42. Rd1 Nxd4 43. Rxd4 e3 44. Bd1 Rf2 0-1

[Event "XXIX Miedzynarodowy Festiwal Szachowy CRACOVIA-2018 Grupa B"]
[Site "Krakow, Hotel Galaxy, ul. Gesia 22a"]
[Date "2018.12.27"]
[Round "1.44"]
[White "Lada, Ireneusz"]
[Black "Zaboklicki, Zbigniew"]
[Result "1-0"]
[WhiteElo "1944"]
[BlackElo "1742"]
[PlyCount "87"]
[EventDate "2018.??.??"]

1. Nf3 d5 2. c4 c6 3. Qc2 Nf6 4. g3 g6 5. Bg2 Bg7 6. O-O O-O 7. d3 Na6 8. Nbd2
Nc7 9. b3 Bg4 10. Bb2 Qc8 11. Rfe1 Bh3 12. Bh1 h6 13. Rac1 Bd7 14. Ne5 Be6 15.
e4 dxc4 16. Ndxc4 Nb5 17. a4 Nd6 18. Ne3 Nd7 19. f4 Nxe5 20. fxe5 Ne8 21. d4
Bd7 22. Ba3 Qd8 23. Qc5 f6 24. Qxe7 Qxe7 25. Bxe7 Rf7 26. exf6 Nxf6 27. Bxf6
Bxf6 28. e5 Bg7 29. Be4 Kh7 30. Ng2 Bf5 31. Bxf5 Rxf5 32. Rf1 Rxf1+ 33. Kxf1
Rd8 34. Rc4 g5 35. Ke2 Kg6 36. Ne3 h5 37. h3 c5 38. dxc5 Bxe5 39. c6 bxc6 40.
Rxc6+ Kf7 41. g4 hxg4 42. Nxg4 Bf4 43. Ra6 Re8+ 44. Kd3 1-0

[Event "XXIX Miedzynarodowy Festiwal Szachowy CRACOVIA-2018 Grupa B"]
[Site "Krakow, Hotel Galaxy, ul. Gesia 22a"]
[Date "2018.12.27"]
[Round "1.45"]
[White "Rogala, Milosz"]
[Black "Grishchenko, Mihail"]
[Result "1/2-1/2"]
[WhiteElo "1738"]
[BlackElo "1936"]
[PlyCount "65"]
[EventDate "2018.??.??"]

1. e4 e6 2. d4 d5 3. Nd2 Nf6 4. e5 Nfd7 5. Bd3 c5 6. c3 Nc6 7. Ne2 Be7 8. O-O
Qb6 9. Nf3 f6 10. exf6 Nxf6 11. dxc5 Bxc5 12. b4 Bd6 13. Bg5 Bd7 14. Ned4 Ne5
15. Nxe5 Bxe5 16. Bxf6 Bxf6 17. Qh5+ Kd8 18. Ne2 Rc8 19. Rac1 e5 20. Rfd1 Rc7
21. Bc2 Be6 22. Bb3 Rd7 23. a3 Ke7 24. c4 g6 25. Qh6 d4 26. c5 Qa6 27. Bxe6
Qxe6 28. Ng3 Qf7 29. Ne4 Qg7 30. Qxg7+ Bxg7 31. Rd3 Rc8 32. f3 Bh6 33. Rc2
1/2-1/2

[Event "XXIX Miedzynarodowy Festiwal Szachowy CRACOVIA-2018 Grupa B"]
[Site "Krakow, Hotel Galaxy, ul. Gesia 22a"]
[Date "2018.12.27"]
[Round "1.46"]
[White "Mielczarek, Daniel"]
[Black "Wnek, Filip"]
[Result "1-0"]
[WhiteElo "1930"]
[BlackElo "1735"]
[PlyCount "87"]
[EventDate "2018.??.??"]

1. Nf3 f5 2. d4 Nf6 3. Bg5 Ne4 4. h4 d6 5. e3 g6 6. h5 Nxg5 7. Nxg5 e5 8. f4
exf4 9. exf4 Bh6 10. hxg6 hxg6 11. Bc4 d5 12. Qe2+ Qe7 13. Bxd5 Qxe2+ 14. Kxe2
Bg7 15. Rxh8+ Bxh8 16. Kd3 c5 17. c3 cxd4 18. cxd4 Nc6 19. Nc3 Nb4+ 20. Kc4 Nc2
21. Rh1 Bg7 22. Nf3 Ne3+ 23. Kd3 Nxg2 24. Ne2 Bd7 25. Bc4 Bc6 26. Rh7 Be4+ 27.
Kd2 Bf8 28. Bb5+ Kd8 29. Ng5 Bc6 30. Ne6+ Kc8 31. Bxc6 Bb4+ 32. Kd3 bxc6 33.
Rc7+ Kb8 34. Rxc6 Kb7 35. Rc7+ Kb6 36. d5 Re8 37. Rc6+ Kb7 38. N2d4 Re7 39. a3
Ba5 40. Nb5 a6 41. Nd6+ Kb8 42. Rc8+ Ka7 43. b4 Bb6 44. Rc6 1-0

[Event "XXIX Miedzynarodowy Festiwal Szachowy CRACOVIA-2018 Grupa B"]
[Site "Krakow, Hotel Galaxy, ul. Gesia 22a"]
[Date "2018.12.27"]
[Round "1.47"]
[White "Czyzykiewicz, Rafal"]
[Black "Bakalarz, Leszek"]
[Result "0-1"]
[WhiteElo "1730"]
[BlackElo "1927"]
[PlyCount "88"]
[EventDate "2018.??.??"]

1. e4 c5 2. c3 Nf6 3. e5 Nd5 4. d4 cxd4 5. cxd4 d6 6. Nf3 Nc6 7. Bc4 Nb6 8. Bb3
dxe5 9. d5 Nb4 10. Nc3 f6 11. a3 Na6 12. Nxe5 fxe5 13. Qh5+ g6 14. Qxe5 Rg8 15.
d6 e6 16. Nb5 Bg7 17. Qe2 Qf6 18. O-O Qe5 19. Be3 Bd7 20. a4 Qxb2 21. Qd1 Qxa1
22. Qg4 Qf6 23. Bd4 Qf5 24. Qh4 g5 25. Qh5+ Qg6 26. Qe2 Bxd4 27. Nxd4 Nc5 28.
Bc2 Qf7 29. Nf5 Rg6 30. Ne7 Rf6 31. a5 Nc8 32. Nd5 Nxd6 33. Nc7+ Ke7 34. Nxa8
Na6 35. Bd3 Qe8 36. Bxa6 Qxa8 37. Bd3 h6 38. Rd1 Qd8 39. Qd2 Bc6 40. Qb4 Qc7
41. Be2 Bd5 42. g3 Qc2 43. Qg4 Qe4 44. f4 Qg2# 0-1

[Event "XXIX Miedzynarodowy Festiwal Szachowy CRACOVIA-2018 Grupa B"]
[Site "Krakow, Hotel Galaxy, ul. Gesia 22a"]
[Date "2018.12.27"]
[Round "1.48"]
[White "Jeda, Maciej"]
[Black "Kaniak, Justyna"]
[Result "1-0"]
[WhiteElo "1917"]
[BlackElo "1729"]
[PlyCount "67"]
[EventDate "2018.??.??"]

1. e4 e5 2. Nf3 Nc6 3. Bc4 Bc5 4. c3 Nf6 5. d4 exd4 6. cxd4 Bb4+ 7. Nc3 d6 8.
O-O Bg4 9. Qb3 Bxf3 10. Bxf7+ Kf8 11. gxf3 Nxd4 12. Qxb4 Nxf3+ 13. Kg2 Nh4+ 14.
Kh1 Qd7 15. Bg5 Nf3 16. e5 Qh3 17. Bf4 Ng4 18. exd6 Ngxh2 19. dxc7+ Kxf7 20.
Qc4+ Kg6 21. Qe4+ Kh5 22. Qd5+ Kg6 23. Qd6+ Kh5 24. Bxh2 Rhf8 25. Qg3 Qf5 26.
Rad1 Kh6 27. Rd5 Qe6 28. Rd6 Qxd6 29. Qxd6+ Rf6 30. Bf4+ Kh5 31. Qd5+ Kg4 32.
Rg1+ Nxg1 33. Qg5+ Kf3 34. Qg3# 1-0

[Event "XXIX Miedzynarodowy Festiwal Szachowy CRACOVIA-2018 Grupa B"]
[Site "Krakow, Hotel Galaxy, ul. Gesia 22a"]
[Date "2018.12.27"]
[Round "1.49"]
[White "Saweczko, Tomasz"]
[Black "Gawronski, Lukasz"]
[Result "0-1"]
[WhiteElo "1724"]
[BlackElo "1916"]
[PlyCount "96"]
[EventDate "2018.??.??"]

1. d4 e6 2. Nf3 f5 3. Bf4 Nf6 4. h3 b6 5. e3 Bb7 6. Be2 Be7 7. Nbd2 Ne4 8. O-O
O-O 9. c4 d6 10. Rc1 Nd7 11. d5 e5 12. Bh2 Nxd2 13. Nxd2 a5 14. f4 Qe8 15. Qc2
Qg6 16. e4 fxe4 17. fxe5 dxe5 18. Qxe4 Bc5+ 19. Kh1 Qxe4 20. Nxe4 Bd4 21. Bg4
Nc5 22. Nxc5 bxc5 23. Be6+ Kh8 24. b3 Rf6 25. Rxf6 gxf6 26. Rf1 a4 27. Bg3 axb3
28. axb3 Kg7 29. Bh4 e4 30. g4 h6 31. Bg3 Bc8 32. Bxc8 Rxc8 33. Kg2 Rb8 34. Rb1
Rb7 35. Kf1 Kg6 36. h4 h5 37. gxh5+ Kxh5 38. Be1 f5 39. Kg2 Kg4 40. b4 f4 41.
b5 e3 42. Ba5 f3+ 43. Kf1 Kg3 44. h5 e2+ 45. Ke1 Bf2+ 46. Kd2 e1=Q+ 47. Rxe1
Bxe1+ 48. Kxe1 Kg2 0-1

[Event "XXIX Miedzynarodowy Festiwal Szachowy CRACOVIA-2018 Grupa B"]
[Site "Krakow, Hotel Galaxy, ul. Gesia 22a"]
[Date "2018.12.27"]
[Round "1.50"]
[White "Serra Azul Neto, Francisco"]
[Black "Bugaev, Anton"]
[Result "1/2-1/2"]
[WhiteElo "1915"]
[BlackElo "1722"]
[PlyCount "61"]
[EventDate "2018.??.??"]

1. d4 Nf6 2. Nf3 e6 3. Nbd2 d5 4. e3 b6 5. c3 Bb7 6. Bd3 Bd6 7. O-O O-O 8. Re1
Ne4 9. Nf1 f5 10. Ne5 Nd7 11. f3 Nef6 12. Nxd7 Qxd7 13. f4 Ne4 14. Nd2 Rf6 15.
Nf3 Rh6 16. Bd2 Qe8 17. Ne5 Qe7 18. Nf3 Rf8 19. Rf1 Bc6 20. Be1 Be8 21. Qc2 Kh8
22. Rc1 Rg8 23. c4 c5 24. Bc3 Bh5 25. a3 Bxf3 26. Rxf3 Nxc3 27. Qxc3 cxd4 28.
Qxd4 Bc5 29. Qe5 Bd6 30. Qd4 Bc5 31. Qe5 1/2-1/2

[Event "XXIX Miedzynarodowy Festiwal Szachowy CRACOVIA-2018 Grupa B"]
[Site "Krakow, Hotel Galaxy, ul. Gesia 22a"]
[Date "2018.12.27"]
[Round "1.51"]
[White "Mirowska, Oliwia"]
[Black "Fronczak, Sebastian"]
[Result "1/2-1/2"]
[WhiteElo "1720"]
[BlackElo "1912"]
[PlyCount "63"]
[EventDate "2018.??.??"]

1. f4 d5 2. Nf3 Nf6 3. g3 c5 4. Bg2 Nc6 5. d3 g6 6. O-O Bg7 7. c3 O-O 8. Qe1 d4
9. Na3 Re8 10. Nc4 Be6 11. Nce5 Bd5 12. e4 dxe3 13. Qxe3 Nxe5 14. fxe5 Ng4 15.
Qf4 Bxf3 16. Bxf3 Nxe5 17. Bxb7 Rb8 18. Ba6 Nxd3 19. Qxf7+ Kh8 20. Rd1 Qb6 21.
Bxd3 c4+ 22. Qf2 cxd3 23. Qxb6 Rxb6 24. Rxd3 e5 25. b3 e4 26. Re3 Rd6 27. Ba3
Rd2 28. Bb4 Bh6 29. Ree1 e3 30. c4 Rc2 31. Bc5 e2 32. Bd4+ 1/2-1/2

[Event "XXIX Miedzynarodowy Festiwal Szachowy CRACOVIA-2018 Grupa B"]
[Site "Krakow, Hotel Galaxy, ul. Gesia 22a"]
[Date "2018.12.27"]
[Round "1.52"]
[White "Wilk, Tomasz"]
[Black "Kalkowski, Igor"]
[Result "1/2-1/2"]
[WhiteElo "1911"]
[BlackElo "1716"]
[PlyCount "83"]
[EventDate "2018.??.??"]

1. e4 c5 2. Nc3 g6 3. f4 Bg7 4. Nf3 Nc6 5. Bb5 Nd4 6. O-O Nxb5 7. Nxb5 d5 8.
exd5 a6 9. Nc3 Nf6 10. d4 Nxd5 11. dxc5 Nxc3 12. Qxd8+ Kxd8 13. bxc3 Bxc3 14.
Rb1 Kc7 15. Rb3 Bf6 16. Bd2 Be6 17. Ba5+ Kc6 18. Rb6+ Kxc5 19. Rxb7 Bd5 20.
Rc7+ Kb5 21. Bc3 Kb6 22. Ba5+ Kxa5 23. Rc5+ Kb6 24. Rxd5 Rhd8 25. Rb1+ Kc6 26.
Ra5 e6 27. Kf2 Rd5 28. Rxd5 exd5 29. Ke3 Re8+ 30. Kd3 Re4 31. g3 Ra4 32. Ne5+
Bxe5 33. fxe5 Kd7 34. Rb6 Ke7 35. Rd6 Ra5 36. g4 Ra3+ 37. Kd2 Rxa2 38. Rxd5 Ra1
39. Ke3 a5 40. c4 a4 41. Kd2 Ra2+ 42. Kc3 1/2-1/2

[Event "XXIX Miedzynarodowy Festiwal Szachowy CRACOVIA-2018 Grupa B"]
[Site "Krakow, Hotel Galaxy, ul. Gesia 22a"]
[Date "2018.12.27"]
[Round "1.53"]
[White "Wasik, Mateusz"]
[Black "Ociepka, Tomasz"]
[Result "1/2-1/2"]
[WhiteElo "1693"]
[BlackElo "1907"]
[PlyCount "71"]
[EventDate "2018.??.??"]

1. e4 c5 2. Nf3 e6 3. d4 cxd4 4. Nxd4 Nf6 5. Nc3 d6 6. Bc4 a6 7. Bb3 b5 8. O-O
Be7 9. Qf3 Qc7 10. Qg3 O-O 11. Bh6 Ne8 12. Bg5 Bb7 13. Bxe7 Qxe7 14. Rad1 Nd7
15. f3 Nef6 16. Nde2 Ne5 17. Rd4 Rfd8 18. Rfd1 Rac8 19. Kh1 g6 20. Nf4 Nc4 21.
Bxc4 bxc4 22. Nh3 d5 23. exd5 exd5 24. Qg5 Re8 25. Qd2 Kg7 26. Nf4 Rcd8 27. h3
Qb4 28. Nfxd5 Nxd5 29. Nxd5 Qxd2 30. R1xd2 Rxd5 31. Rxd5 Bxd5 32. Rxd5 Re2 33.
Ra5 Rxc2 34. Rxa6 Rxb2 35. Rc6 Rxa2 36. Rxc4 1/2-1/2

[Event "XXIX Miedzynarodowy Festiwal Szachowy CRACOVIA-2018 Grupa B"]
[Site "Krakow, Hotel Galaxy, ul. Gesia 22a"]
[Date "2018.12.27"]
[Round "1.54"]
[White "Seregina, Maria"]
[Black "Krawczyk, Flawian"]
[Result "1-0"]
[WhiteElo "1907"]
[BlackElo "1641"]
[PlyCount "65"]
[EventDate "2018.??.??"]

1. d4 Nf6 2. c4 g6 3. Nf3 Bg7 4. g3 O-O 5. Bg2 d6 6. O-O Nbd7 7. Nc3 e5 8. b3
Re8 9. Bb2 exd4 10. Nxd4 Nc5 11. f3 a5 12. a3 Bd7 13. b4 Ne6 14. Nb3 a4 15. Nd2
Nd4 16. e4 Qb8 17. Kh1 Qa7 18. h3 Nh5 19. Kh2 f5 20. f4 fxe4 21. Ndxe4 Nf5 22.
Re1 Bc6 23. Qd2 Bd4 24. Nb5 Bxb5 25. cxb5 Re7 26. Bxd4 Nxd4 27. g4 Rxe4 28.
Rxe4 Nb3 29. Qd5+ Kf8 30. gxh5 Nxa1 31. Qe6 Nb3 32. Qf6+ Kg8 33. h6 1-0